The structure of the chemical processing industries : function and economics /

Guardado en:
Autor Principal: Wei, James, 1930-
Otros Autores: Russell, T. W. F., 1934-, Swartzlander, M. W.
Formato: Libro
Idioma:English
Publicado: New York : McGraw-Hill, c1979.
Series:McGraw-Hill chemical engineering series
Materias:
Etiquetas: Agregar Etiqueta
Sin Etiquetas, Sea el primero en etiquetar este registro!
LEADER 01106cam a22002775a 4500
001 EIQ.libpla000110
008 771221s1979####nyua#####b####001#0#eng#d
005 20080627143915.0
245 1 4 |a The structure of the chemical processing industries :  |b function and economics /  |c J. Wei, T. W. F. Russell, M. W. Swartzlander. 
260 |a New York :  |b McGraw-Hill,  |c c1979. 
300 |a xiii, 397 p. :  |b il. ;  |c 24 cm. 
490 0 |a McGraw-Hill chemical engineering series 
504 |a Incluye referencias bibliográficas e índice. 
020 |a 0070689857 
100 1 |a Wei, James,  |d 1930- 
700 1 |a Russell, T. W. F.,  |d 1934- 
700 1 |a Swartzlander, M. W. 
082 0 0 |a 338.6 
650 4 |a Organización industrial (Teoría económica)  |x Desarrollo. 
650 4 |a Industria química  |x Economía. 
650 4 |a Chemical industry  |x Economics. 
650 4 |a Industrial organization (Economic theory)  |x Development. 
010 |a  77028209  
040 |a DLC  |c DLC  |d AR-BbSID 
859 |a AR-BbSID  |b BIB. PLAPIQUI  |h 338.6  |i W 37  |p 126  |t Ej. 1  |v Ej. 1 
859 |a AR-BbSID  |b BIB. PLAPIQUI  |h 338.6  |i we 37  |p 4607  |t Ej. 2  |v Ej. 2